2014 Formula One Drivers - Statistics

General Stats
  • This quiz has been taken 1,068 times
  • The average score is 15 of 22
Answer Stats
Driver Number Driver Name % Correct
#44 Lewis Hamilton
100%
#1 Sebastian Vettel
97%
#14 Fernando Alonso
94%
#6 Nico Rosberg
94%
#3 Daniel Ricciardo
93%
#77 Valtteri Bottas
93%
#7 Kimi Räikkönen
91%
#11 Sergio Perez
83%
#19 Felipe Massa
78%
#22 Jenson Button
77%
#27 Nico Hulkenberg
76%
#20 Kevin Magnussen
72%
#8 Romain Grosjean
71%
#17 Jules Bianchi
62%
#26 Daniil Kvyat
59%
#13 Pastor Maldonado
54%
#99 Adrian Sutil
45%
#25 Jean-Eric Vergne
44%
#9 Marcus Ericsson
44%
#10 Kamui Kobayashi
42%
#4 Max Chilton
40%
#21 Esteban Gutierrez
35%
No matching quizzes found
Score Distribution
Percent of People with Each Score
Percentile by Number Answered
Your Score History
You have not taken this quiz